[Event "EU-ch 11th"]
[Site "Rijeka"]
[Date "2010.03.12"]
[Round "7"]
[White "Halkias, Stelios"]
[Black "Moiseenko, Alexander"]
[Result "1-0"]
[WhiteElo "2580"]
[BlackElo "2668"]
[Annotator "Mikhalchishin,A"]
[PlyCount "77"]
[EventDate "2010.03.06"]
[EventType "swiss"]
[EventRounds "11"]
[EventCountry "CRO"]
[SourceTitle "CBM 136"]
[Source "ChessBase"]
[SourceDate "2010.05.18"]
[SourceVersion "1"]
[SourceVersionDate "2010.05.18"]
[SourceQuality "1"]

1. c4 Nf6 2. Nc3 e6 3. e4 c5 ({In my opinion the main continuation is and will
be} 3... d5) 4. e5 Ng8 5. Nf3 ({A more timid approach here was demonstrated by
Yasser Seirawan:} 5. d4 cxd4 6. Qxd4 Nc6 7. Qe4 d6 8. Nf3 dxe5 (8... Qa5 9.
exd6 Bxd6 10. Bd2 Nf6 11. Qd3 Bb4 ({Better is} 11... Qd8 12. O-O-O O-O 13. Bg5
Be7 $10 {Pribyl-Andersson Tallin 1973}) 12. a3 Ne5 13. Nxe5 (13. Qe2 $1) 13...
Qxe5+ 14. Be2 Be7 15. O-O O-O 16. Rfd1 Bd7 17. Qe3 Qc7 18. Rac1 Rac8 19. Nb5 (
19. b4 {promised a nice future for White's pawn majority.}) 19... Bxb5 20. cxb5
Bc5 21. Qf3 Qe7 22. Be1 Rfd8 23. Rxd8+ Rxd8 24. Qf4 h6 25. Qc4 Rc8 26. Kf1 Rc7
27. Qb3 Bd4 28. Rd1 Qc5 29. Qb4 Qxb4 30. Bxb4 Bxb2 {1/2 Azmaiparashvili,Z 
(2575)-Beliavsky,A (2605)/Amsterdam 1990/CBM 020/[Ribli] (52). The pair of
bishops compensates for the opponent's extra pawn.}) 9. Nxe5 Nxe5 $6 ({Much
better would be} 9... Bd7 10. Nxd7 Qxd7 11. Bg5 Bb4 12. Rd1 Qc7 13. Be2 Bxc3+
14. bxc3 h6 15. Bf4 e5 16. O-O Nf6 17. Qe3 O-O $11 {Seirawan-Ivanov Toluca izt
1982}) 10. Qxe5 Nf6 11. Be2 $6 (11. Bg5 $5 Be7 12. Rd1 Qb6 13. c5 $5 Qxb2 14.
Bb5+ Kf8 15. O-O h6 16. Rd2 Qa3 17. Rfd1 Nd7 18. Rxd7 hxg5 19. Rxe7 {Takacs,
B-Motuosis Romania 1987 1-0}) (11. Bf4 Be7 12. Be2 O-O 13. O-O Bd7 14. Rfd1 $16
{Gat-Keene, Ybbs, 1968}) 11... Bd6 12. Qb5+ Qd7 13. Be3 {Ribli: 'Seirawan,
Y-Beliavsky,A WchT Luzern 1989 CBM/16} O-O 14. Rd1 Qc7 15. Rxd6 Qxd6 16. Bc5
Qc7 17. Bxf8 Kxf8 18. O-O Bd7 19. Qb4+ Kg8 20. Rd1 Bc6 21. Qd6 Qxd6 22. Rxd6
Kf8 23. f3 Ke7 24. Rd2 a5 {=} 25. Kf2 g5 26. Bd1 Rc8 27. b3 h5 28. a3 Nd7 29.
Be2 b6 30. b4 axb4 31. axb4 Ra8 {1/2 Seirawan,Y (2585)-Beliavsky,A (2620)/
Luzern 1989/CBM 016/[Ribli] (50). In the endgame Black has a slight advantage.}
) 5... Nc6 6. d4 $1 {Modern Gambit - the pawn is sacrificed not for a direct
attack, but for a long-lasting initiative. Some top GMs did not believe in the
power of White controlling the black squares. I remember, that my close friend
Aleksandr Beliavsky fought against Kasparov here 20 years ago, but without
success!} cxd4 7. Nxd4 Nxe5 8. Ndb5 a6 ({The logical move is} 8... d6 {, but
here it is met by} 9. c5 d5 10. Bf4 {and Black's position suddenly becomes
hopeless.}) 9. Nd6+ Bxd6 10. Qxd6 f6 11. Be3 Ne7 12. Bb6 Nf5 13. Bxd8 ({
Kasparov and Karpov demonstrated many years ago, that this variation can be
played differently. And I would prefer their way, but White has a strong black
squared initiative for the pawn any way.} 13. Qc5 $1 d6 (13... Qe7 14. Qxe7+ (
14. Qa5 $5 Nc6 15. Qa4 Qd6 16. c5 Qe5+ 17. Qe4 d5 18. cxd6 Nxd6 19. Qxe5 Nxe5
20. O-O-O Ndf7 21. f4 $146 {Serper-Luther, Arnhem 1989/90}) 14... Nxe7 15. f4
N5c6 16. O-O-O d5 17. a3 $1 $146 {Karpov,An-Ribli,Z, Reggio Emilia 1989/90})
14. Qa5 Qd7 (14... Qe7 15. O-O-O O-O 16. f4 Nc6 17. Qa3 e5 18. g4 Nfd4 19. Nd5
(19. f5 $16 {(Anand)}) 19... Qf7 20. f5 g6 21. Rg1 $14 {Kasparov,G-Sokolov,A/
Belfort 1988}) 15. f4 $1 Nc6 16. Qa3 e5 17. Bd3 O-O 18. O-O exf4 19. Rxf4 Nfe7
20. Rd1 $146 Ng6 21. Rff1 Nge5 22. Be4 Qf7 23. b3 $1 Be6 24. Qxd6 Kh8 25. Qc7
Qxc7 26. Bxc7 Rf7 27. Bb6 Re8 28. h3 Rd7 29. Nd5 Rc8 30. g4 Ng6 31. Kh2 Nce5
32. a4 Rd6 33. a5 Nd7 34. Nc7 {1-0 Kasparov,G (2800)-Beliavsky,A (2640)/
Linares 1991/CBM 022/[Ribli]}) 13... Nxd6 14. Bc7 Ke7 ({Very risky is} 14...
Ndxc4 15. f4 Ne3 16. fxe5 Nc2+ 17. Kd2 Nxa1 18. Be2 fxe5 19. Bd6 $1 {led to a
very unpleasant position for Black. Materialistic computer programmes prefer
Black's extra pawn, but they don't understand (and never will!) the value of a
positional pawn sacrifice.}) 15. b3 $146 {A simple positional move.} ({
Possible was a more aggressive approach:} 15. c5 Ne8 16. Bb6 (16. Bxe5 fxe5 {
1/2-1/2 Vadasz,L (2490)-Parma,B (2530)/Kiel 1979/EXT 2003}) 16... d5 ({RR} 
16... Nf7 17. O-O-O d5 18. cxd6+ Nexd6 19. g4 Bd7 20. Bc5 Rac8 21. Ba3 Bc6 22.
Rg1 Rhd8 23. Bd3 Ne5 24. Be2 g5 25. Rg3 Be4 26. Rd4 Bg6 27. Rg1 Nef7 28. Rgd1
e5 29. Rd5 Be4 30. Rc5 Bc6 31. Kb1 {Watson,J-Brasket,C/New York 1977/EXT 2005/
1/2-1/2 (45)}) 17. cxd6+ Kxd6 18. Be2 (18. f4 Nd7 19. Bd8 Nc7 20. Ne4+ Kd5 21.
Nxf6+ gxf6 22. Bxc7 Nc5 23. Be2 Kc6 24. Ba5 Bd7 25. O-O Kd6 26. Rfd1+ Ke7 27.
Bf3 Bb5 28. Bb4 Rac8 29. a4) 18... Ke7 19. O-O-O f5 ({RR} 19... Nd7 20. Bd4 b6
21. Bf3 Rb8 22. Bc6 Nc7 23. Rd3 Nc5 24. Bxc5+ bxc5 25. Rhd1 Nb5 26. Nxb5 axb5
27. Ra3 f5 28. Ra5 Kf6 29. Bxb5 Bb7 30. Bc4 Bxg2 31. Rd6 Rhe8 32. Rxc5 Rbc8 33.
Rxe6+ Kg5 34. Rxe8 {Narciso Dublan,M (2511)-Mascaro March,P (2354)/Palma de
Mallorca 2008/CBM 127 Extra/1/2-1/2 (52)}) 20. Bd4 Nc6 21. Bc5+ Kf7 22. Na4 b5
23. Bf3 bxa4 24. Bxc6 Rb8 25. Rd8 Rg8 26. Ba7 {1-0 Kavalek,L (2545)-Huss,A 
(2350)/Biel 1977/EXT 2000}) 15... Ne8 {Another example of total passivity.} ({
But the much more active approach} 15... b5 16. Bxd6+ Kxd6 17. cxb5 axb5 18.
Bxb5 Ke7 19. O-O-O g5 20. Rhe1 {would create a position with a strong knight
on e5, but the value of the connected passed pawns on the queenside is higher.}
) 16. Bb6 $1 {Continuing the blockade of the queen's flank.} d6 17. f4 Nd7 ({
Slightly better would be another knight retreat, but White always keeps a
long-lasting initiative, which clearly compensates for the opponent's extra
pawn.} 17... Ng6 18. g3 Bd7 19. O-O-O Bc6 20. Rg1 f5 21. Bd3 h5 22. Rge1 Kf7
23. h4 Nf6 24. Rd2) 18. Bf2 Nc7 ({It was possible to develop the bishop
immediately:} 18... b6 19. Bd3 Bb7 20. O-O f5 21. Rfe1 Kf7 22. Rad1 {with
similar positions and comfortable compensation for the pawn.}) 19. g3 b6 20.
Bh3 $1 {Here and not on g2, as White's main task is to find a weakness and to
start attacking it.} Bb7 21. O-O b5 22. Rfe1 Rhe8 ({Nothing is changed by} 
22... bxc4 23. bxc4 g6 24. Nd5+ Bxd5 25. cxd5 e5 26. Rac1 Rhc8 27. fxe5 fxe5
28. Be3 Nxd5 29. Bg5+ Ke8 30. Rcd1 {in the long run - the bad position of
Black's king plus two active white bishops make the evaluation clear - White
has an advantage.}) 23. Nd5+ (23. Rad1 {was possible, but sooner or later
White needs to create a concrete object of attack.}) 23... Bxd5 ({After the
passive looking move} 23... Kd8 24. Nxc7 Kxc7 25. Rac1 b4 26. Bxe6 Nc5 27. Bf5
g6 28. Bc2 f5 {there was some chance to exchange one of White's bishops on e4.}
) 24. cxd5 e5 25. Rac1 Rac8 26. Red1 $1 {Simply improving the positions of all
the pieces and threatening to start to exploit the weakness on c6.} b4 27. fxe5
fxe5 28. Rc4 ({The slightly different approach} 28. Rc6 Nb5 29. Rdc1 Nc3 30.
Kg2 {was possible either. But Halkias wants to have a more active rook on the
fourth rank.}) 28... Nb5 29. Rg4 Rg8 30. Rxb4 Rc2 31. Be3 Nc5 $2 {Black is
cracking under the pressure, which is the typical outcome.} ({It was necessary
to keep the materialistic approach till the end:} 31... Rxa2 32. Be6 Rf8 33.
Rg4 g6 34. Bg5+ Nf6 35. Rh4 h5 36. Rc4 Nd4 37. Rc7+ Kd8 38. Rc8+ Ke7 39. Rc7+
Kd8 {and there is no direct way for White.}) 32. a4 ({A bit stronger was} 32.
Bg5+ Kf7 33. Rf1+ Kg6 34. Be3 {with a lot of threats to the black king.}) 32...
Nc3 ({Slightly better was} 32... Nd4 33. Bxd4 exd4 34. Re1+ Kf6 35. Rxd4 g6 36.
b4 Nxa4 37. Re6+ {with a strong attack.}) 33. Bg5+ Kf7 34. Rf1+ Kg6 35. Be3
Ne2+ ({Nothing really changes after} 35... e4 36. Bxc5 Nxd5 37. Rxe4 Rxc5 38.
Bf5+ Kh6 39. Rh4+ Kg5 40. Bxh7) 36. Kh1 e4 37. Bxc5 dxc5 38. Rb6+ Kh5 39. Rf5+
{with mate in two.} 1-0

[Event "Reykjavik op"]
[Site "Reykjavik"]
[Date "1996.??.??"]
[Round "5"]
[White "Petursson, Margeir"]
[Black "Bjarnason, Saevar"]
[Result "1-0"]
[WhiteElo "2585"]
[BlackElo "2305"]
[Annotator "Petursson,M"]
[PlyCount "113"]
[EventDate "1996.03.??"]
[EventType "swiss"]
[EventRounds "9"]
[EventCountry "ISL"]
[SourceTitle "CBM 052"]
[Source "ChessBase"]
[SourceDate "1996.06.01"]
[SourceVersion "1"]
[SourceVersionDate "1996.06.01"]
[SourceQuality "1"]

1. c4 {Ribli} Nf6 2. Nc3 e6 3. e4 c5 {Man spielt diese Variante in der letzten
Zeit nur sehr selten.} (3... d5 {Ribli}) 4. e5 Ng8 5. Nf3 Nc6 (5... d6 {Ribli}
6. exd6 Bxd6 7. d4 cxd4 8. Qxd4 Nf6 9. Nb5 Bb4+ 10. Bd2 Qxd4 11. Nfxd4 Bxd2+
12. Kxd2 $14 {Hjartarsson,J-Bjarnason,S/Reykjavik op/1994/EXP39/}) 6. d4 cxd4
7. Nxd4 Nxe5 8. Ndb5 {Ribli: Weiss hat fuer den geopferten Bauern eine
dauerhafte Initiative.} a6 9. Nd6+ Bxd6 10. Qxd6 f6 11. Be3 Ne7 12. Bb6 Nf5 13.
Qc5 Qe7 $1 {Ribli: Jetzt sehen wir die Grundstellung dieser Variante. Der
Anziehende steht vor einer wichtigen Entscheidung: die Dame tauschen oder
nicht tauschen?} (13... d6 {Kasparov-A. Sokolov, Belfort World Cup 1988.}) 14.
Qa5 (14. Qxe7+ $5 {Ribli} Kxe7 15. f4 Ng6 16. g3 d6 17. Bd3 Nh6 18. O-O Bd7 19.
Rfe1 $44 {Ribli,Z-Luther,T/Altensteig/1992/CBM31/}) 14... Nc6 15. Qa4 Qd6 $1 (
15... d6 {Ribli}) 16. c5 Qe5+ 17. Qe4 d5 (17... Qxe4+ 18. Nxe4 Nb4 19. O-O-O $1
Nxa2+ 20. Kb1 Nb4 21. g4 Ne7 22. Nd6+ Kf8 23. Nxc8 Nxc8 24. Rxd7 Nxb6 25. cxb6
Rb8 26. Bg2 $16) 18. cxd6 Nxd6 19. Qxe5 Nxe5 20. O-O-O Ndf7 21. g3 $146 (21. f4
Nd7 22. Bf2 {Ribli} b5 23. a4 $1 (23. Bd3 Bb7 24. Rhe1 $44 {Serper,G-Luther,T/
Arnhem/1989/INF49,(20)/}) 23... bxa4 24. Bc4 $14) 21... Bd7 22. f4 Bc6 23. Rg1
Nd7 24. Ba5 O-O 25. Bc4 {Ribli: Weiß hat das Läuferpaar und Druck gegen den
e6-Bauern.} Rfe8 26. Rge1 Nf8 (26... e5 $2 {Ribli Natürlich darf Schwarz die
c4-g8 Diagonale nicht öffnen.} 27. Ne4 $16) 27. Bb3 $44 Bf3 28. Rd4 Rac8 29.
Kd2 (29. Re3 $5 {Ribli} Bd5 30. Bxd5 exd5 31. Rxe8 Rxe8 32. Kd2 $14) 29... Rc5
$5 30. Bb4 Rh5 $6 (30... Rcc8) 31. h4 Rd8 {Ribli: Schwarz tauscht den aktiven
weissen Turm ab, um den weißen Druck zu entschärfen.} 32. Rxd8 Nxd8 33. Re3 Bg4
(33... Bc6 {Ribli} 34. Rd3 Nf7 35. Bxf8 Kxf8 36. Bxe6 $14) 34. Ne4 {/\ Nf2,g4}
Rb5 35. Bc3 h5 36. Nd6 Rb6 $6 {Der schwarze Turm steht sehr unbequem.} (36...
Rc5 37. Rd3 $44) 37. Nc8 Rb5 38. Rd3 Nf7 39. Bd4 $1 Kh7 40. Na7 Rf5 (40... Ra5
41. Bc3 Rf5 42. Bb4 $16) 41. Rc3 {/\ Bc2 oder Rc7} e5 $2 (41... Ng6 $1 $8 42.
Bxe6 (42. Ke3 Nh6 43. Bxe6 Rxf4 44. gxf4 Bxe6 $44) 42... Rxf4 $1 43. gxf4 Bxe6
$44) 42. Bc5 {Ribli: Schwarz kann Materialverlust nicht mehr verhindern.} Nd7
43. Bxf7 exf4 44. Bf2 fxg3 45. Bxg3 Nc5 46. Re3 Rf1 47. b4 Rd1+ 48. Kc2 Na4 49.
Nc8 $18 Rd4 50. Ne7 g5 (50... Rxb4 51. Bg6+ Kh6 52. Rd3 $18) 51. hxg5 fxg5 52.
Be5 Rxb4 53. Bg6+ Kh6 54. Bd3 {/\ Ng8} Be6 55. Bc3 Nxc3 56. Rxe6+ Kg7 57. Kxc3
1-0

[Event "POL-chT 66th"]
[Site "Katowice"]
[Date "2010.09.04"]
[Round "1"]
[White "Wojtaszek, Radoslaw"]
[Black "Krejci, Jan"]
[Result "1-0"]
[WhiteElo "2711"]
[BlackElo "2454"]
[Annotator "Primel,D"]
[PlyCount "69"]
[EventDate "2010.09.04"]
[EventType "team-tourn"]
[EventRounds "9"]
[EventCountry "POL"]
[SourceTitle "EXT 2016"]
[Source "ChessBase"]
[SourceDate "2015.10.08"]
[SourceVersion "1"]
[SourceVersionDate "2015.10.08"]
[SourceQuality "1"]
[WhiteTeam "Wroclaw Polonia"]
[BlackTeam "Wroclaw"]
[WhiteTeamCountry "POL"]
[BlackTeamCountry "POL"]

1. c4 Nf6 2. Nc3 e6 3. e4 {Bizarrement, il y a très peu de parties de MIKENAS
dans les bases sur cette variante qui lui est attribué} (3. d4) (3. Nf3) 3...
c5 (3... d5 {L'alternative qui est plus solide} 4. e5 d4 5. exf6 dxc3 6. bxc3
Qxf6 7. d4 (7. Nf3 e5 8. d4 exd4 9. Bg5 Qe6+ 10. Be2 Be7 11. cxd4 Bxg5 12. Nxg5
Qf6 13. Qd2 O-O 14. O-O {Aronian,L (2807)-Kramnik,V (2791) Moscow Botvinnik
Memorial rapid 2011 (6) 1-0} (14. Ne4 $146 Qh4 (14... Qe7 15. Nc3) 15. Ng3 Rd8
16. d5 {Schroder,G-Schulz,H (2028) DESC-Open 2011 1-0}))) 4. e5 Ng8 5. Nf3 Nc6
{[%csl Gd4] Force les Blancs à sacrifier le P pour tenter de profiter de
l'avance de développement} 6. d4 cxd4 7. Nxd4 Nxd4 $6 {Les Blancs auront le
beurre et l'argent du beurre après ce coup avec une avance de développement
sans avoir sacrifié un P} (7... Nxe5 $142 8. Ndb5 (8. Bf4) 8... a6 9. Nd6+
Bxd6 10. Qxd6 f6 (10... Ng6) 11. Be3 Ne7 12. Bb6 Nf5 13. Qb4 Nc6 $13 {Vachier
Lagrave,M (2715)-L'Ami,E (2628) Tata Steel-A 73rd 2011 (7) 1/2}) 8. Qxd4 Ne7 (
8... d6 $5 9. Bf4 dxe5 10. Qxd8+ Kxd8 11. Bxe5 Ne7 12. O-O-O+ Bd7 13. Be2 Nc6
14. Bg3 Be7 15. Ne4 Ke8 16. Rd2 e5 17. f4 Bf5 18. Nd6+ Bxd6 19. Rxd6 exf4 20.
Bxf4 Rd8 21. Rhd1 Ke7 22. a3 f6 23. Bf3 Rxd6 24. Bxd6+ Kf7 25. g4 Be6 26. b3
Rd8 27. Kc2 g5 28. Kc3 Rd7 29. Rd2 Ke8 30. c5 Ne5 31. Re2 Kd8 32. Bxe5 fxe5 33.
Rxe5 Bxb3 34. Rxg5 Ba2 35. Be4 Kc7 36. Rh5 Bg8 37. Re5 Rg7 38. Kd4 {Lerner,K 
(2605)-Rozentalis,E (2610) Liechtenstein 1995 1-0}) 9. Bf4 Nc6 10. Qe3 Qa5 11.
O-O-O $32 Bb4 $6 $146 (11... b6 12. Kb1 Ba6 13. Ne4 Bb7 14. Be2 Bc5 15. Nd6+
Kf8 16. Qf3 Rb8 17. Bd2 Nxe5 18. Qf4 Qa4 19. Nxb7 Rxb7 20. Qxe5 {1-0 (20)
Narciso Dublan,M (2525)-Spoelman,W (2376) Cappelle la Grande 2006}) 12. Nb5 $1
{[%cal Ga2a3]} a6 13. Nd6+ Bxd6 14. exd6 b5 (14... Qxa2 $5 15. Bd3 Nb4) 15. Qg3
Rg8 16. Kb1 $14 Bb7 17. Bd2 b4 $2 (17... Nb4 $142 {[%csl Ra2]} 18. Bxb4 Qxb4
19. cxb5 axb5 {[%csl Ga8]}) 18. Bd3 Qh5 19. Rhe1 O-O-O 20. Qe3 {[%cal Ge3b6]}
Qa5 $2 (20... Kb8) 21. a3 $1 $40 {[%cal Gd2a5]} Kb8 22. Bxh7 Rh8 23. Be4 Qe5
24. f4 $18 Qd4 25. Qxd4 Nxd4 26. Bxb4 Bxe4+ 27. Rxe4 Nc6 28. h3 f5 29. Re2 Rh4
30. Bd2 Rc8 31. Re3 Nd8 32. Rb3+ Nb7 33. Rc1 Ka8 34. Rb6 Ka7 35. c5 1-0

[Event "Altensteig"]
[Site "Altensteig"]
[Date "1992.??.??"]
[Round "5"]
[White "Ribli, Zoltan"]
[Black "Luther, Thomas"]
[Result "1-0"]
[WhiteElo "2610"]
[BlackElo "2435"]
[Annotator "Ribli,Z"]
[PlyCount "75"]
[EventDate "1992.07.??"]
[EventType "tourn"]
[EventRounds "11"]
[EventCountry "GER"]
[EventCategory "11"]
[SourceTitle "CBM 031"]
[Source "ChessBase"]
[SourceDate "1992.12.01"]
[SourceVersion "1"]
[SourceVersionDate "1992.12.01"]
[SourceQuality "1"]

1. c4 {Kortschnoj} e6 2. Nc3 Nf6 3. e4 c5 4. e5 Ng8 5. Nf3 Nc6 (5... d6 $5 6.
exd6 Bxd6 7. d4 cxd4 8. Nxd4 a6 9. Be2 (9. Be3 Nf6 10. Qf3 O-O 11. O-O-O Nbd7
12. Kb1 Qc7 $13 {Kortschnoj,V-Vladimirov,E Salamanca 1991 CBM/23 51/20}) 9...
Nf6 10. O-O O-O 11. Bg5 h6 12. Bh4 Qc7 $1 13. Bxf6 gxf6 14. Nf3 Rd8 15. Qc2 f5
$10 {Ermenkov-Kolev,At Bulgaria 1992 54/18}) 6. d4 cxd4 7. Nxd4 Nxe5 8. Ndb5 a6
9. Nd6+ Bxd6 10. Qxd6 f6 11. Be3 Ne7 12. Bb6 Nf5 13. Qc5 Qe7 (13... d6 14. Qa5
Qd7 15. f4 Nc6 16. Qa3 Nce7 $1 (16... e5 17. Bd3 O-O 18. O-O exf4 $2 19. Rxf4
Nfe7 20. Rd1 $16 {Kasparov,G-Beliavsky,A Linares 1991 CBM/22 51/21}) 17. O-O-O
Qc6 18. Qb3 Bd7 19. Rg1 d5 20. g4 $13 {Psakhis-Greenfeld,A Israel 1991 54/19})
14. Qxe7+ Kxe7 (14... Nxe7 15. f4 (15. c5 $5) 15... N5g6 (15... N5c6 16. O-O-O
d5 17. a3 $1 $44 {Karpov,An-Ribli,Z Reggio Emilia 1989/90 49/10}) 16. g3 $44 {
Hansen,LB-Caluwe,M Ostende op 1991 EXP/26 53/19}) 15. f4 Ng6 16. g3 d6 17. Bd3
Nh6 (17... Bd7 18. O-O-O Rac8 19. Rhe1 Kf7 $2 20. Bxf5 exf5 21. Rxd6 $16 {
Thorsteins,K-Luther,T Borsodtavho 1991 EXP/23 53/(19)}) 18. O-O $1 $44 Bd7 19.
Rfe1 Bc6 $6 (19... Rac8 20. a4 Kf7 21. Rad1 Ne7 22. a5 Bc6 23. Bb1 d5 24. cxd5
Nxd5 25. Ba2 $44 {Hansen,LB-Summermatter,D Biel Mixed 1991 CBM/25 53/(19)}) 20.
b4 $1 (20. Nd5+ Bxd5 21. cxd5 e5 22. f5 Nf8 23. Rec1 Nd7 24. Rc7 Rhc8 25. Rac1
Rxc7 26. Rxc7 Kd8 27. Rxb7+ Nxb6 28. Rxb6 Kc8 29. Rc6+ Kd7 30. Bxa6 Rb8 $1 31.
b3 Nxf5 $13) 20... Kf7 21. a4 f5 22. Bc7 $1 Ke7 23. b5 axb5 $2 (23... Bf3 $14)
24. cxb5 Bf3 25. Kf2 Bh5 (25... Rhc8 $2 {Kortschnoj} 26. Kxf3 Rxc7 27. Nd5+ $18
) 26. h3 $16 Rhc8 27. b6 Nf8 28. Nb5 d5 29. a5 Nd7 30. Rec1 $1 Nf7 31. a6 $1
Rxa6 32. Rxa6 bxa6 33. b7 Rg8 34. Nd4 Kf6 35. Rc6 Nd8 36. Bxd8+ Rxd8 37. Rxe6+
Kf7 38. Rd6 1-0

[Event "Vienna Bawag"]
[Site "Vienna"]
[Date "1996.??.??"]
[Round "5"]
[White "Chernin, Alexander"]
[Black "Hoelzl, Franz"]
[Result "1-0"]
[WhiteElo "2595"]
[BlackElo "2430"]
[Annotator "Ribli,Z"]
[PlyCount "41"]
[EventDate "1996.05.??"]
[EventType "tourn"]
[EventRounds "9"]
[EventCountry "AUT"]
[EventCategory "9"]
[SourceTitle "CBM 054"]
[Source "ChessBase"]
[SourceDate "1996.10.01"]
[SourceVersion "1"]
[SourceVersionDate "1996.10.01"]
[SourceQuality "1"]

1. c4 {Rechlis} e6 2. Nc3 Nf6 3. e4 c5 4. e5 Ng8 5. Nf3 Nc6 6. d4 cxd4 7. Nxd4
Nxe5 8. Ndb5 a6 9. Nd6+ Bxd6 10. Qxd6 f6 11. Be3 Ne7 12. Bb6 Nf5 13. Qb4 (13.
Qc5 $5) 13... Qe7 (13... Nc6 14. Qc5 Qe7 15. O-O-O Qxc5 16. Bxc5 d6 17. Ba3 $1
$44 (17. Bxd6 Nxd6 18. Rxd6 Ke7 $10 {Kortschnoj,V-Timman,J/Brussels cq2/1991/
INF52,24/})) 14. Qxe7+ (14. Qa5 Nc6 15. Qa4 Qd6 16. c5 Qe5+ 17. Qe4 d5 18. cxd6
Nxd6 19. Qxe5 Nxe5 20. O-O-O Ndf7 21. g3 $44 {Petursson,M-Bjarnason,S/
Reykjavik op/1996/CBM52/}) 14... Kxe7 (14... Nxe7 15. f4 N5c6 16. O-O-O d5 17.
a3 $44 {Karpov,A-Ribli,Z/Reggio Emilia/1989/INF49,20/}) 15. f4 Nf7 $146 (15...
Ng6 16. g3 d6 17. Bd3 Nh6 (17... Bd7 18. O-O-O Rac8 19. Rhe1 Kf7 20. Bxf5 exf5
21. Rxd6 Bc6 22. b4 $14 {Thorsteins,K-Luther,T/Borsodtavho/1991/}) 18. O-O Bd7
19. Rfe1 $44 {Ribli,Z-Luther,T/Altensteig/1992/CBM31/} (19. Rfe1 {Rechlis} Rac8
20. a4 $146 Kf7 21. Rad1 Ne7 22. a5 Bc6 23. Bb1 d5 24. cxd5 Nxd5 25. Ba2 Nxc3
26. Bxe6+ Kg6 27. bxc3 Rce8 28. Kf2 f5 29. h3 Rhf8 30. Rd6 Kh5 31. Bd4 Nf7 32.
Rxc6 $1 Nd8 33. Rd6 {Hansen,L.Bo-Summermatter,D/Biel Mixed/1991/1:0/CBM-25/}))
16. Bd3 N5h6 (16... g6 $5) 17. O-O $16 {Rechlis} f5 $2 {Rechlis} 18. Rae1 $6 {
In dieser Variante hat Weiss das Läuferpaar und wegen seines Raumvorteils
positionellen Druck für den geopferten Bauern.} (18. Rfe1 $5 {[#] Die weissen
Türme stehen auf e1 und d1 besser als auf e1 und f1.}) 18... Kf8 19. c5 $18 {
Rechlis} (19. Bc7 Ng4 20. Na4 b5 21. cxb5 axb5 22. Nb6 Ra7 $13) 19... Ng4 20.
Bxf5 $2 exf5 21. Nd5 {Und Schwarz gab auf, denn es kommt Nc7 mit
Dopppeldrohung: Matt auf e8, und der Turm hängt. Auf Rb8 folgt Ba7 und es hat
den Anschein, als wäre alles klar - tatsächlich aber steht Schwarz diese
Möglichkeit durchaus offen, und es ist nicht klar, was Weiss für den
geopferten Bauern hat. Ribli} (21. Nd5 Nf6 $1 22. Nc7 Rb8 23. Ba7 Nd8 24. Bxb8
Nc6 25. Nxa6 bxa6 26. Bd6+ Kf7 $17) 1-0

[Event "Linares 09th"]
[Site "Linares"]
[Date "1991.??.??"]
[Round "9"]
[White "Kasparov, Garry"]
[Black "Beliavsky, Alexander G"]
[Result "1-0"]
[WhiteElo "2800"]
[BlackElo "2640"]
[Annotator "Ribli,Z"]
[PlyCount "67"]
[EventDate "1991.02.??"]
[EventType "tourn"]
[EventRounds "13"]
[EventCountry "ESP"]
[EventCategory "17"]
[SourceTitle "CBM 022"]
[Source "ChessBase"]
[SourceDate "1991.06.01"]
[SourceVersion "1"]
[SourceVersionDate "1991.06.01"]
[SourceQuality "1"]

1. c4 {Anand} e6 2. Nc3 Nf6 3. e4 c5 4. e5 Ng8 5. Nf3 Nc6 6. d4 cxd4 7. Nxd4
Nxe5 8. Ndb5 a6 9. Nd6+ Bxd6 10. Qxd6 f6 11. Be3 Ne7 12. Bb6 Nf5 13. Qc5 $1 d6
(13... Qe7 14. Qxe7+ (14. Qa5 $5 Nc6 15. Qa4 Qd6 16. c5 Qe5+ 17. Qe4 d5 18.
cxd6 Nxd6 19. Qxe5 Nxe5 20. O-O-O Ndf7 21. f4 $146 {Serper-Luther Arnhem 1989/
90 49/(20)}) 14... Nxe7 15. f4 N5c6 16. O-O-O d5 17. a3 $1 $146 {Karpov,
An-Ribli,Z Reggio Emilia 1989/90 49/20}) 14. Qa5 Qd7 (14... Qe7 15. O-O-O O-O
16. f4 Nc6 17. Qa3 e5 18. g4 Nfd4 19. Nd5 (19. f5 $16 {Anand Kasparov-Sokolov
Belfort 1988}) 19... Qf7 20. f5 g6 21. Rg1 $14 {Kasparov,G-Sokolov,A Belfort
1988 45/16}) 15. f4 $1 Nc6 16. Qa3 e5 17. Bd3 O-O 18. O-O exf4 19. Rxf4 Nfe7
20. Rd1 $146 Ng6 21. Rff1 Nge5 22. Be4 Qf7 23. b3 $1 Be6 24. Qxd6 Kh8 25. Qc7
Qxc7 26. Bxc7 Rf7 27. Bb6 Re8 28. h3 Rd7 29. Nd5 Rc8 30. g4 Ng6 31. Kh2 Nce5
32. a4 Rd6 33. a5 Nd7 34. Nc7 1-0